Detalles MARC
| 000 -CABECERA |
| campo de control de longitud fija |
01434nam a22003257a 4500 |
| 003 - IDENTIFICADOR DEL NÚMERO DE CONTROL |
| campo de control |
OSt |
| 005 - FECHA Y HORA DE LA ÚLTIMA TRANSACCIÓN |
| campo de control |
20210511112343.0 |
| 007 - CAMPO FIJO DE DESCRIPCIÓN FÍSICA--INFORMACIÓN GENERAL |
| campo de control de longitud fija |
ta |
| 008 - DATOS DE LONGITUD FIJA--INFORMACIÓN GENERAL |
| campo de control de longitud fija |
210310b 2020 dr ac 00| 0 eng d |
| 020 ## - NÚMERO INTERNACIONAL ESTÁNDAR DEL LIBRO |
| Número Internacional Estándar del Libro |
9789945220681 |
| 040 ## - FUENTE DE LA CATALOGACIÓN |
| Centro catalogador/agencia de origen |
DO-SdBNP |
| Lengua de catalogación |
spa |
| Centro/agencia transcriptor |
BNPHU |
| 041 ## - CÓDIGO DE LENGUA |
| Código de lengua original |
SPA |
| 082 74 - NÚMERO DE LA CLASIFICACIÓN DECIMAL DEWEY |
| Número de clasificación |
791.4362355 |
| Número de documento/Ítem |
M519u 2020 |
| Número de edición |
22 |
| 100 1# - ENTRADA PRINCIPAL--NOMBRE DE PERSONA |
| Nombre de persona |
Meléndez, Agliberto |
| 9 (RLIN) |
61985 |
| 245 13 - MENCIÓN DE TÍTULO |
| Título |
Un pasaje de ida : |
| Resto del título |
la tragedia del emigrante clandestino / |
| Mención de responsabilidad, etc. |
Agliberto Meléndez ; ilustración de portada: Harold Priego ; diseño de cubierta y diagramación: Jesús Alberto de la Cruz. |
| 250 ## - MENCIÓN DE EDICIÓN |
| Mención de edición |
2da. ed. |
| 260 ## - PUBLICACIÓN, DISTRIBUCIÓN, ETC. |
| Lugar de publicación, distribución, etc. |
Santo Domingo : |
| Nombre del editor, distribuidor, etc. |
Editora Búho, |
| Fecha de publicación, distribución, etc. |
2020. |
| 300 ## - DESCRIPCIÓN FÍSICA |
| Extensión |
164 p. : |
| Otras características físicas |
il., retrs. ; |
| Dimensiones |
20 cm. |
| 500 ## - NOTA GENERAL |
| Nota general |
De la portada: guion original de la película, con el comentario "así se batió el cobre" sobre la realización del film |
| 505 0# - NOTA DE CONTENIDO CON FORMATO |
| Nota de contenido con formato |
Así se batió el cobre 11 -- Un pasaje de ida 55 -- Reparto 57 -- Técnicos 60 -- Un pasaje de ida 67. |
| 590 ## - NOTA LOCAL (RLIN) |
| Nota local |
Inventariado, 2021 /LP |
| 650 #4 - PUNTO DE ACCESO ADICIONAL DE MATERIA--TÉRMINO DE MATERIA |
| Término de materia o nombre geográfico como elemento de entrada |
Guiones cinematográficos |
| 9 (RLIN) |
61986 |
| 650 #4 - PUNTO DE ACCESO ADICIONAL DE MATERIA--TÉRMINO DE MATERIA |
| Término de materia o nombre geográfico como elemento de entrada |
Cine |
| Subdivisión geográfica |
República Dominicana |
| Subdivisión general |
Argumentos, tramas, etc. |
| 9 (RLIN) |
61987 |
| 650 #4 - PUNTO DE ACCESO ADICIONAL DE MATERIA--TÉRMINO DE MATERIA |
| Término de materia o nombre geográfico como elemento de entrada |
Extranjeros ilegales |
| 9 (RLIN) |
61988 |
| 650 #4 - PUNTO DE ACCESO ADICIONAL DE MATERIA--TÉRMINO DE MATERIA |
| Término de materia o nombre geográfico como elemento de entrada |
Inmigrantes |
| Subdivisión general |
Películas cinematográficas |
| 9 (RLIN) |
61989 |
| 700 1# - PUNTO DE ACCESO ADICIONAL--NOMBRE DE PERSONA |
| Nombre de persona |
Priego, Harold, |
| Término indicativo de función/relación |
ilustración de portada |
| 9 (RLIN) |
78061 |
| 700 1# - PUNTO DE ACCESO ADICIONAL--NOMBRE DE PERSONA |
| Nombre de persona |
Cruz, Jesús Alberto de la, |
| Término indicativo de función/relación |
diseño de cubierta y diagramación |
| 9 (RLIN) |
76790 |
| 910 ## - DATOS DE OPCIÓN DEL USUARIO (OCLC) |
| Datos de opción del usuario |
Validado. Control de la calidad. MAA |
| 942 ## - ELEMENTOS DE PUNTO DE ACCESO ADICIONAL (KOHA) |
| Fuente del sistema de clasificación o colocación |
Dewey Decimal Classification |
| Tipo de ítem Koha |
Libro |